| 000 | 00838nam a2200229 a 4500 | ||
|---|---|---|---|
| 005 | 20240215063815.0 | ||
| 008 | 181017s2006 mx r 000 0 spa d | ||
| 020 | _a9687947527 | ||
| 035 | _aUPN01000227331 | ||
| 049 | _aCG | ||
| 050 | 4 |
_aHQ1465 T5.4 _bL6.6 |
|
| 100 | 1 |
_aLópez Estrada, Silvia _942290 |
|
| 245 | 0 | 0 |
_aPobreza, familia y políticas de género : _bel programa jefas de familia en Tijuana / _cSilvia López Estrada, Gerardo Ordóñez Barba. |
| 260 |
_aTijuana, B. C. : _bEl Colegio de la Frontera Norte, _c2006. |
||
| 300 |
_a375 p. : _bils., figs., cuadros |
||
| 650 | 4 |
_aMUJERES JEFAS DE HOGAR - _zTIJUANA, BAJA CALIFORNIA _927126 |
|
| 650 | 4 |
_aROL SEXUAL - _zMEXICO _910084 |
|
| 650 | 4 |
_aMujeres pobres _zMéxico _925225 |
|
| 700 | 1 |
_aOrdóñez Barba, Gerardo Manuel, _ecoaut. |
|
| 905 | _aLibro | ||
| 999 |
_c199426 _d199426 |
||